The speaker's quote book : (Record no. 799)

MARC details
000 -LEADER
fixed length control field 01009cam a22002774a 4500
001 - CONTROL NUMBER
control field 15674889
003 - CONTROL NUMBER IDENTIFIER
control field GBCCL
005 - DATE AND TIME OF LATEST TRANSACTION
control field 20241126110346.0
008 - FIXED-LENGTH DATA ELEMENTS--GENERAL INFORMATION
fixed length control field 090326s2009 miu b 000 0 eng
010 ## -
-- 2009012339
020 ## - INTERNATIONAL STANDARD BOOK NUMBER
International Standard Book Number 9780825441660 (pbk.)
040 ## - CATALOGING SOURCE
Original cataloging agency DLC
Transcribing agency DLC
Modifying agency DLC
050 00 -
-- PN6084.O3
-- S67 2009
082 00 - DEWEY DECIMAL CLASSIFICATION NUMBER
Classification number 251.0022
Edition information 22
Item number SPE
245 04 - TITLE STATEMENT
Title The speaker's quote book :
Remainder of title over 5,000 illustrations and quotations for all occasions /
Statement of responsibility, etc. [compiled by] Roy B. Zuck.
250 ## - EDITION STATEMENT
Edition statement Revised and expanded ed.
260 ## - PUBLICATION, DISTRIBUTION, ETC.
Place of publication, distribution, etc. Bangalore :
Name of publisher, distributor, etc. Asian Trading Corporation,
Date of publication, distribution, etc. 2009
260 ## - PUBLICATION, DISTRIBUTION, ETC.
Place of publication, distribution, etc. Grand Rapids, MI :
Name of publisher, distributor, etc. Kregel Academic & Professional,
Date of publication, distribution, etc. c2009.
300 ## - PHYSICAL DESCRIPTION
Extent 560 p. ;
Dimensions 23 cm.
504 ## - BIBLIOGRAPHY, ETC. NOTE
Bibliography, etc. note Includes bibliographical references.
650 #0 - SUBJECT ADDED ENTRY--TOPICAL TERM
Topical term or geographic name entry element Quotations, English.
9 (RLIN) 1163
700 1# - ADDED ENTRY--PERSONAL NAME
Personal name Zuck, Roy B.
9 (RLIN) 1164
906 ## - LOCAL DATA ELEMENT F, LDF (RLIN)
a 7
b cbc
c orignew
d 1
e ecip
f 20
g y-gencatlg
942 ## - ADDED ENTRY ELEMENTS (KOHA)
Source of classification or shelving scheme Dewey Decimal Classification
Koha item type Books
Koha issues (borrowed), all copies 5
Holdings
Withdrawn status Lost status Source of classification or shelving scheme Damaged status Not for loan Home library Current Library Shelving location Date acquired Total checkouts Full call number Barcode Date last seen Date last checked out Copy number Price effective from Koha item type
    Dewey Decimal Classification     GRACE BIBLE COLLEGE GRACE BIBLE COLLEGE Ministry & Mission 2017-03-16 6 251.0022 SPE 010843 2025-05-09 2020-11-12 c.1 2017-03-16 Books
© Grace Bible College Library 2025